Development of open architecture milling machine towards prototyping purpose /
Saved in:
| Main Author: | |
|---|---|
| Format: | Thesis Book |
| Language: | English |
| Published: |
2006.
|
| Subjects: | |
| Tags: |
Add Tag
No Tags, Be the first to tag this record!
|
| LEADER | 01155cam a2200277 a 4500 | ||
|---|---|---|---|
| 001 | u766629 | ||
| 003 | SIRSI | ||
| 005 | 200903050925 | ||
| 008 | 090305s2006 my t 000 0 eng m | ||
| 040 | |a UMM |d UMJ | ||
| 090 | |a TS176 |b UM 2006 Hoa | ||
| 097 | |a TS176 |b UM 2006 Hoa | ||
| 100 | 1 | |a Hoang, Le Minh. | |
| 245 | 1 | 0 | |a Development of open architecture milling machine towards prototyping purpose / |c Hong Le Minh. |
| 260 | |c 2006. | ||
| 300 | |a 98 leaves : |b ill ; |c 30 cm. | ||
| 502 | |a Dissertation (M.Eng. (Manuf.)) -- Jabatan Kejuruteraan Rekabentuk dan Pembuatan, Fakulti Kejuruteraan, Universiti Malaya, 2008. | ||
| 504 | |a Bibliography: leaves 94 -98. | ||
| 650 | 0 | |a Milling-machines |x Numerical control. | |
| 650 | 0 | |a Computer network architectures. | |
| 650 | 0 | |a Open Document Architecture (Computer network standard) | |
| 710 | 2 | |a Universiti Malaya. |b Jabatan Kejuruteraan Rekabentuk dan Pembuatan. | |
| 900 | |a NAR-ZA | ||
| 596 | |a 1 7 | ||
| 999 | |a TS176 UM 2006 HOA |w LC |c 1 |i A513451585 |d 12/10/2009 |f 12/10/2009 |g 1 |l STACKS |m P01UTAMA |r Y |s Y |t TESIS |u 12/10/2009 | ||
| 999 | |a TS176 UM 2006 HOA |w LC |c 1 |i A513398911 |l STACKS |m P07JURUTER |r Y |s Y |t TESIS |u 10/6/2011 | ||
